Представление документа в формате MARC21

Поле Инд. ПП Название Значение
Тип записи a
Библиографический уровень b
001 Контрольный номер RU/IS/BASE/322764918
005 Дата корректировки 20200522191406.3
008 Кодируемые данные 20100324
040 b Код языка каталог. rus
e Правила каталог. PSBO
041 0_ a Код языка текста rus
084 a Индекс другой классификации/Индекс ББК 60.524.252; 60.52
100 1_ a Автор Докторович А. Б.
q Полное имя Докторович Анатолий Борисович
245 10 a Заглавие Социальная активность и динамические социальные поля
504 a Библиография Библиогр.: с. 167 - 168
520 0_ a Аннотация Представляемая публикация развивает тему "Социальный потенциал: социальные взаимодействия и отношения". В работе исследуются сильные и слабые социальные взаимодействия, динамические социальные самоорганизующиеся поля и порождаемые ими социальные кластеры. Анализируются воздействия социальных кластеров на изменения структуры социального пространства
650 14 a Основная рубрика социология
653 1_ a Ключевые слова социальная активность
a Ключевые слова социальное пространство
a Ключевые слова социальные взаимодействия
a Ключевые слова социальные кластеры
a Ключевые слова социальные отношения
a Ключевые слова социальные поля
773 08 t Заглавие источника Вестник Московского университета. Серия 18, Социология и политология
d Дата издания источника 2009
g Прочая информация № 4. - С. 159 - 169 : табл.
w Контрольный № источника RU/IS/BASE/317399284
901 t Тип документа b